Oro y patrón oro (Record no. 85983)

MARC details
000 -LEADER
campo de control de longitud fija 00809nam a2200205 i 4500
001 - NÚMERO DE CONTROL
campo de control 85983
003 - IDENTIFICADOR DE NÚMERO DE CONTROL
campo de control ES-MaACL
005 - FECHA Y HORA DE LA ÚLTIMA TRANSACCIÓN
campo de control 20230906175342.0
007 - CAMPO FIJO DE DESCRIPCIÓN FÍSICA--INFORMACIÓN GENERAL
campo de control de longitud fija t|
008 - DATOS DE LONGITUD FIJA--INFORMACIÓN GENERAL
campo de control de longitud fija 041203s1947 ag ||||1| spa d
100 1# - ENTRADA PRINCIPAL--NOMBRE DE PERSONA
Nombre de persona Kemmerer, Edwin Walter.
9 (RLIN) 67802
245 10 - MENCIÓN DEL TÍTULO
Título Oro y patrón oro
Resto del título : historia de la moneda oro /
Mención de responsabilidad, etc. Edwin Walter Kemmerer ; traducción de Manuel Serra Moret.
260 ## - PUBLICACIÓN, DISTRIBUCIÓN, ETC.
Lugar de publicación, distribución, etc. Buenos Aires :
Nombre del editor, distribuidor, etc. Editorial Sudamericana,
Fecha de publicación, distribución, etc. [1947] (
Fabricante Compañía Impresora Argentina)
300 ## - DESCRIPCIÓN FÍSICA
Extensión 261 p. ;
Dimensiones 22 cm.
490 1# - MENCIÓN DE SERIE
Mención de serie Biblioteca de orientación económica. Problemas económicos del presente
700 1# - ENTRADA AGREGADA--NOMBRE PERSONAL
Nombre de persona Serra i Moret, Manuel.
9 (RLIN) 105637
830 0# - PUNTO DE ACCESO ADICIONAL DE SERIE-TÍTULO UNIFORME
Título uniforme Biblioteca de orientación económica. Problemas económicos del presente
9 (RLIN) 231736
852 ## - LOCALIZACIÓN
Ubicación ES-MaACL
Número de control de estantería F-5201
Sublocalización o colección R.26709
Holdings
Estatus retirado Estado de pérdida Estado de daño No para préstamo Biblioteca de origen Biblioteca actual Ubicación en estantería Fecha de adquisición Fuente de adquisición Total de préstamos Signatura topográfica completa Código de barras Visto por última vez Precio de reemplazo Tipo de ítem Koha
        Biblioteca del Ateneo de Madrid Biblioteca del Ateneo de Madrid Depósito 2 17/01/2008     F-5201 1089849 23/02/2023 23/02/2023 Libro impreso